| 000 | 00548nam a2200181Ia 4500 | ||
|---|---|---|---|
| 008 | 090124s9999 xx 000 0 und d | ||
| 082 | _b12759 | ||
| 100 | _aदेवरुखकर विनायक | ||
| 245 | _a डॉ. कैलास | ||
| 250 | _a1 | ||
| 260 |
_bजोशी ब्रदर्स _c1951 |
||
| 300 | _a71 | ||
| 600 | _aदेवरुखकर विनायक | ||
| 630 | _a डॉ. कैलास | ||
| 700 | _aदेवरुखकर विनायक | ||
| 730 | _a डॉ. कैलास | ||
| 942 | _cBOOK | ||
| 999 |
_c87285 _d87285 |
||